000 02767cam a2200565 i 4500
001 xx004959788
003 NUKAT
005 20260430102958.0
008 201001s2020 pl g |001 0 pol c
020 _a9788380989344
_q(oprawa twarda) :
_czł 45,00
035 _a(OCoLC)1424311641
035 _a(NUKAT)xx004959788
040 _aLUBL KUL/MR
_bpol
_erda
_cLUBL KUL/MR
_dLUBL KUL/SKs
_dPOZN U/EMs
_dWA 14/ABs
_dOLSZT 008/bak
045 2 _bd1939
_bd1945
046 _k2020
_o1946
_p2002
245 0 0 _aRelacje o pomocy udzielanej Żydom przez Polaków w latach 1939-1945.
_nT. 3,
_pDystrykt lubelski Generalnego Gubernatorstwa /
_cwybór i opracowanie Sebastian Piątkowski ; Instytut Pamięci Narodowej. Komisja Ścigania Zbrodni przeciwko Narodowi Polskiemu. Oddział w Lublinie.
260 _aLublin ;
_aWarszawa :
_bInstytut Pamięci Narodowej. Komisja Ścigania Zbrodni przeciwko Narodowi Polskiemu,
_c2020.
300 _a460 stron ;
_c25 cm.
336 _aTekst
_btxt
_2rdacontent
337 _aBez urządzenia pośredniczącego
_bn
_2rdamedia
338 _aWolumin
_bnc
_2rdacarrier
380 _aKsiążki
380 _aPublikacje naukowe
388 1 _a1901-2000
388 1 _a1945-1989
388 1 _a1989-2000
388 1 _a2001-
490 1 _aCentralny Projekt Badawczy IPN Dzieje Żydów w Polsce oraz Relacje Polsko-Żydowskie w Latach 1914-1989
504 _aBibliografia na stronach 427-431. Indeksy.
648 7 _a1901-2000
_2DBN
_934996
648 7 _a1939-1945
_2DBN
_936042
650 7 _aHolokaust
_2DBN
_937427
650 7 _aII wojna światowa (1939-1945)
_2DBN
_935099
650 7 _aOkupacja niemiecka Polski (1939-1945)
_2DBN
_936756
650 7 _aRatowanie Żydów i pomoc Żydom (1939-1945)
_2DBN
_940960
650 7 _aUkrywanie się Żydów (1939-1945)
_2DBN
_940640
650 7 _aWojna światowa (1939-1945)
_xŻydzi
_xratowanie
_zPolska
_zLublin (region)
_vrelacje osobiste Polaków.
_2kaba
_940964
650 7 _aWojna światowa (1939-1945)
_xŻydzi
_xratowanie
_zPolska
_vrelacje osobiste Polaków.
_2kaba
_916321
651 7 _aDystrykt lubelski (1939-1944)
_2DBN
_940965
655 7 _aProtokoły
_2DBN
_940545
655 7 _aRelacja
_2DBN
_940354
655 7 _aWydawnictwo źródłowe
_2DBN
_935066
658 _aHistoria
700 1 _aPiątkowski, Sebastian
_d(1970- ).
_eRedakcja
_916263
710 2 _aInstytut Pamięci Narodowej - Komisja Ścigania Zbrodni przeciwko Narodowi Polskiemu.
_bOddział (Lublin).
_eInstytucja sprawcza
_914495
710 2 _aInstytut Pamięci Narodowej - Komisja Ścigania Zbrodni przeciwko Narodowi Polskiemu.
_eWydawca
_4pbl
_911792
830 0 _aDzieje Żydów w Polsce oraz Relacje Polsko-Żydowskie w Latach 1914-1989
_940637
920 _a978-83-8098-934-4 (oprawa twarda) : zł 45,00
942 _2ddc
_cBK_NM
999 _c27891
_d27891